| 000 | 00378nam a2200121 4500 | ||
|---|---|---|---|
| 005 | 20260227094148.0 | ||
| 008 | 260227b |||||||| |||| 00| 0 eng d | ||
| 100 | _aBurgess Anne & Dean R.F.A | ||
| 245 |
_aMalnutrition and Food Habits _c/Anne Burgess & R. F. A. Dean |
||
| 260 |
_aLondon; _bTavistock Publications Limited; _c1962 |
||
| 300 |
_axix, 210p.ill; _c22cm |
||
| 942 |
_2lcc _n0 _cBK |
||
| 999 |
_c180 _d180 |
||